000 00854nam a22001697a 4500
999 _c61219
_d61219
005 20240109110342.0
008 240109s1916 ru ||||| |||| 00| 0 rus d
041 _arus
080 _a902.6 : 92 C-23
245 _aСборник статей в честь графини Прасковьи Сергеевны Уваровой /
_b1885-1915.
264 _aМ. :
_b т-во скоропеч. А. А. Левенсон,
_c1916.
300 _a117 с.:
_bил. ;
_c29 см.
521 _aк 30-летию деятельности на посту председателя Московского археологического общества
653 _aსტატიების კრებული
653 _aგრაფინია პრასკოვია სერგეევნა უვაროვა
942 _2udc
_cᲬᲘᲒᲜᲘ